Basic refrigeration: principles, practice, operation
Guardat en:
| Autor principal: | |
|---|---|
| Format: | Llibre |
| Idioma: | anglès |
| Publicat: |
Troy
Bussiness News
1986
|
| Edició: | 3a. ed |
| Matèries: | |
| Etiquetes: |
Afegir etiqueta
Sense etiquetes, Sigues el primer a etiquetar aquest registre!
|
MARC
| LEADER | 00000nam a2200000 a 4500 | ||
|---|---|---|---|
| 001 | UCV3721 | ||
| 003 | CL-VaPUC | ||
| 008 | 910715e19860000US |||||||||||||||||eng|d | ||
| 082 | 0 | 4 | |a 621.567 |b KIN |2 21 |
| 100 | 0 | |a King, Guy R |e author |9 298034 | |
| 245 | 1 | 0 | |a Basic refrigeration: principles, practice, operation |
| 250 | |a 3a. ed | ||
| 300 | |a 501 p | ||
| 942 | |c BK | ||
| 945 | |d 19910715 00:00:00 | ||
| 260 | |a Troy |b Bussiness News |c 1986 | ||
| 650 | 0 | |a Refrigeración |9 259343 | |
| 583 | |a last modification |c 20120514 11:56:46 |k Rodrigo Vera | ||
| 999 | |c 210859 |d 210857 | ||
| 952 | |0 0 |1 0 |4 0 |6 621_567000000000000_KIN_1986 |7 0 |8 A |9 187794 |a BIBALI |b BIBALI |c RES |d 2019-11-14 |i 255321K |o 621.567 KIN 1986 |p 255321K |r 2024-01-24 |w 2019-11-14 |y BK_R |k ALI | ||